Statistiques concernant Quiz Voc Anglais GB

Cliquez ici pour prendre le quiz!

Statistiques générales

  • Ce quiz a été pris 40 fois
  • Le résultat moyen est 4 sur 20

Statistiques - réponses

HintRéponse% Correct
cuvettecuve
100%
to removeenlever
100%
to wrapenvelopper
100%
plaque chauffantehot plate
100%
the cuffsles poignets
100%
the reagentsles réactifs
100%
rejeterto expel
100%
a splashune éclaboussure
100%
the likelihoodla probabilité
67%
emergency proceduresprocédures d'urgence
67%
Tube à essaietest tube
67%
in progressen cours
60%
pipettea pipet
50%
to swallowavaler
50%
closed-toed shoesdes chaussures à bout fermé
50%
to wipe upessuyer
50%
unforeseenimprévisible
50%
to inhaleinhaler
50%
trashles déchets
50%
bare handsles mains nues
50%
spatulespatula
50%
mélangerstir
50%
an extinguisherun extincteur
50%
les produits chimiqueschemicals
40%
lentillelens
40%
pipette pasteurdropper pipet
33%
to knock downfaire tomber
33%
erlenmeyererlenmeyer flask
33%
pipette graduéegraduated pipet
33%
disposablejetable
33%
the fume hoodla hoot
33%
the exhaust fanl'extracteur
33%
harmfulnuisible
33%
a blanketune couverture
33%
a spillun liquide renversé
33%
to button upboutonner
25%
cristalisoirecrystallizer
25%
the lab coatla blouse
25%
to dispose ofse débarasser de
20%
a chemical-resistant apronun tablier de protection contre les produits chimiques
17%
burettea burette
0%
pipette à refroidissementa condenser
0%
to tie backattacher en arrière
0%
long-sleevedaux manches longues
0%
accuratelyavec précision
0%
pissettea wash bottle
0%
bécherbeakers
0%
pincesbeaker tongs
0%
ballon à fond platboiling flask
0%
bec binsenebunsen berner
0%
traintedcorrompu
0%
lamellecover slip
0%
creusetcrucible and cover
0%
pincescrucible tongs
0%
biohazarddanger biologique
0%
hazardousdangereux
0%
low-heeled shoesdes chaussures à talon bas
0%
insulating glovesdes gants de protection
0%
non-slip solesdes semelles anti dérapantes
0%
shardsdes tessons de verres
0%
loose clothingdes vêtements amples
0%
paper toweldu papier absorbant
0%
to chipébrécher
0%
clutteredencombré
0%
to smotherétouffer
0%
capsule d'évaporationevaporating dish
0%
to crackfêler
0%
fliole à filtrerfiltering flask
0%
fioleFlorence flask
0%
to tuckinrentrer
0%
hottefume hood
0%
entonnoirefunnel
0%
lame de verreglass slide
0%
loupehand lens
0%
to invilveimpliquer de faire quelque chose
0%
gants isolantsinsulating gloves
0%
the aisle wayl'allée
0%
the lab benchla paillasse
0%
the bloodstreamle système sanguin
0%
to handlemanipuler
0%
éprouvetteMeasuring tube
0%
to threatenmenacer
0%
mortier et pilonmortier and pestle
0%
boite de pétripetri dish
0%
fiole à réactifreagent bottles
0%
to labelremplir
0%
to spreadrépandre
0%
to roll up one's sleevesretrousser ses manches
0%
collier de serragering clamp
0%
potencering stand
0%
mesure approximativerought estimate
0%
BouchonRubber stoppers
0%
unattendedsans surveillance
0%
puit de testspot plate
0%
agitateurstirring rod
0%
to occursurvenir
0%
Pincetest tube clamp
0%
Portoiretest tube rack
0%
précisto be accurater
0%
aspirerto drasin
0%
effectuer une expérienceto perform an experiment
0%
to drenchtremper
0%
pince à épilertweezers
0%
a safety data sheetune fiche de donnée de sécurité
0%
a releaseun émanation
0%
a cutune plaie
0%
a water tapun robinet
0%
Récipientvessels
0%
vialsvials
0%
fiole jaugéevolumetric flask
0%
pipette jaugéevolumetrie pipet
0%
coupellewatch glass
0%
coupelle de peséeweigh boats
0%

Distribution des résultats

Percentile par nombre de réponses

% des personnes avec chaque résultat

Votre développement - résultats

Vous n’avez pas pris ce quiz